Yo vi crecer un país

Simon Guberek, narra desde que llegó a Bogotá, la transformación tan impresionante de la metrópoli durante los últimos años, y lo que ello representa no solo para él, sino para todos los judíos de Colombia y sus implicaciones.

محفوظ في:
التفاصيل البيبلوغرافية
المؤلف الرئيسي: Guberek, Simon
التنسيق: كتاب
اللغة:Spanish
منشور في: Bogotá: Fundación Simon y Lola Guberek, 1987
الطبعة:2 ed.
سلاسل:Colección literaria No. 18
الموضوعات:
الوصول للمادة أونلاين:Enlace del recurso
الوسوم: إضافة وسم
لا توجد وسوم, كن أول من يضع وسما على هذه التسجيلة!

MARC

LEADER 00000nam a2200000 a 4500
001 000768
008 030403s1987 ck # fr# #000|0#spa#d
041 0 |a spa 
043 |a s-ck--- 
082 0 4 |a 301.3  |b G812y 
100 1 |a Guberek, Simon 
245 1 0 |a Yo vi crecer un país   |c Simon Guberek 
250 |a 2 ed. 
260 |a Bogotá:  |b Fundación Simon y Lola Guberek,  |c 1987 
300 |a 313 p. 
440 0 |a Colección literaria No. 18 
520 3 |a Simon Guberek, narra desde que llegó a Bogotá, la transformación tan impresionante de la metrópoli durante los últimos años, y lo que ello representa no solo para él, sino para todos los judíos de Colombia y sus implicaciones. 
650 1 4 |a JUDIOS  |z COLOMBIA 
650 1 4 |a HISTORIA 
999 |c 2920  |d 2920 
856 |u https://catalogo.idep.edu.co/cgi-bin/koha/opac-detail.pl?biblionumber=2920  |z Enlace del recurso